Estatísticas para Cultura Geral

Clique aqui para jogar o quiz

Estatísticas Gerais

  • Esse quiz foi jogado 4 vezes
  • A pontuação média é 4 de 15

Estatísticas das Respostas

HintResposta% Correto
Que instrumento científico é usado para medir a pressão atmosférica?Barómetro
75%
Que nome damos a um ano que tem 366 dias?Bissexto
75%
Qual é o sétimo mês do ano pelo calendário gregoriano e tem 31 dias?Julho
75%
Que aparelho é usado para medir a temperatura ou as variações de temperatura?Termómetro
75%
Que nome damos á reação química exotérmica entre uma substância (combustível) e um gás (comburente)?Combustão
50%
Que nome damos a um apartamento que, por estar localizado no último andar de um edifício habitacional (no piso superior de um prédio), costuma ser o mais caro e o mais luxuoso?Penthouse
25%
Que nome damos á via pública em um ambiente construído que pode ser usada por pedestres e veículos?Rua
25%
Que ramo da meteorologia estuda as relações de causa e efeito das condições meteorológicas com o meio rural e a produção agrícola?Agrometeorologia
0%
Que nome damos a um negócio jurídico onde uma das partes cede à outra o usufruto de um bem de sua propriedade em troca de um pagamento?Aluguer
0%
Que instrumento é utilizado para medir a velocidade de um fluido?Anemómetro
0%
Que nome damos a uma residência com um pavimento apenas?Bangalô
0%
Quem inventou o termoscópio?Galileu Galilei
0%
Que instrumento é utilizado para medir a duração do brilho solar?Heliógrafo
0%
Que instrumento que serve para medir a umidade presente nos gases, mais especificamente na atmosfera?Higrómetro
0%
Que instrumento é utilizado para medir a intensidade da radiação solar?Piranógrafo
0%

Distribuição das Pontuações

Percentil de Números Respondidos

Porcentagem de Pessoas com Cada Pontuação

Sua Pontuação Histórica

Você não jogou esse quiz